Les fratries dans le football - Statistiques

Statistiques générales
  • Ce quiz a été pris 259 fois
  • Le résultat moyen est 12 sur 15
Statistiques - réponses
Par images Réponse % Correct
Pogba
96%
Bellingham
95%
Hernandez
95%
Hazard
92%
Thuram
92%
Williams
91%
Boateng
90%
Alcantara
83%
Ayew
82%
Touré
79%
Lukaku
77%
Inzaghi
75%
Xhaka
73%
Neville
58%
Laudrup
34%
Aucun quiz correspondant
Distribution des résultats
% des personnes avec chaque résultat
Percentile par nombre de réponses
Votre historique - résultats
Vous n’avez pas pris ce quiz